[Event "Longueuil CC Invitation"]
[Site "Longueuil"]
[Date "1990.10.12"]
[Round "5"]
[White "Vaillancourt, Luc"]
[Black "Gravel, Simon M"]
[Result "0-1"]
[WhiteElo "1914"]
[BlackElo "2019"]
[PlyCount "60"]
[EventDate "1990.09.07"]
[EventType "tourn"]
[EventRounds "7"]
[EventCountry "CAN"]
[SourceTitle "EXT 2022"]
[Source "ChessBase"]
[SourceDate "2021.10.06"]
[SourceVersion "1"]
[SourceVersionDate "2021.10.06"]
[SourceQuality "1"]

1. e4 c5 2. Nc3 Nc6 3. g3 g6 4. Bg2 Bg7 5. f4 d6 6. Nh3 Nf6 7. Nf2 0-0 8. 0-0 Rb8 9. d3 Bd7 10. g4 b5 11. f5 b4 12. Ne2 Nd4 13. Bd2 Ba4 14. Rc1 Nd7 15. Nxd4 cxd4 16. Qe1 Qb6 17. Nd1 Ne5 18. Qh4 f6 19. b3 Bb5 20. Nb2 Rfc8 21. Nc4 Bxc4 22. bxc4 Qa6 23. Ra1 Rc5 24. Rfb1 Ra5 25. Rb2 Ra3 26. Bxb4 Ra4 27. Bc3 Rxb2 28. Bxb2 Rxa2 29. Qe1 Bh6 30. Bxd4 Be3+ 0-1

[Event "Longueuil CC Invitation"]
[Site "Longueuil"]
[Date "1990.10.05"]
[Round "4"]
[White "Arsenault, Nicolas"]
[Black "Vaillancourt, Luc"]
[Result "1-0"]
[WhiteElo "1989"]
[BlackElo "1918"]
[PlyCount "59"]
[EventDate "1990.09.07"]
[EventType "tourn"]
[EventRounds "7"]
[EventCountry "CAN"]
[SourceTitle "EXT 2022"]
[Source "ChessBase"]
[SourceDate "2021.10.06"]
[SourceVersion "1"]
[SourceVersionDate "2021.10.06"]
[SourceQuality "1"]

1. d4 d5 2. c4 e6 3. Nf3 Nf6 4. Nc3 Nbd7 5. Bg5 c6 6. cxd5 exd5 7. e3 Qa5 8. Nd2 Bb4 9. Qc2 0-0 10. Bd3 h6 11. Bh4 Re8 12. 0-0 Bxc3 13. bxc3 Qc7 14. c4 Qd6 15. Rab1 Qf8 16. c5 Nh5 17. Bf5 g5 18. Bg3 Nxg3 19. hxg3 Re7 20. Rb2 Nf6 21. Rfb1 Rb8 22. Bd3 Qd8 23. Qa4 Ra8 24. Qc2 Rb8 25. Nf3 Ng4 26. Bf5 Bxf5 27. Qxf5 Qd7 28. Qxd7 Rxd7 29. a4 a5 30. Rb6 1-0

[Event "Longueuil CC Invitation"]
[Site "Longueuil"]
[Date "1990.09.07"]
[Round "1"]
[White "Vaillancourt, Luc"]
[Black "Finta, Robert"]
[Result "0-1"]
[WhiteElo "1914"]
[BlackElo "2072"]
[PlyCount "66"]
[EventDate "1990.09.07"]
[EventType "tourn"]
[EventRounds "7"]
[EventCountry "CAN"]
[SourceTitle "EXT 2022"]
[Source "ChessBase"]
[SourceDate "2021.10.06"]
[SourceVersion "1"]
[SourceVersionDate "2021.10.06"]
[SourceQuality "1"]

1. e4 c5 2. Nc3 Nc6 3. g3 g6 4. Bg2 Bg7 5. d3 e6 6. f4 Nge7 7. Nh3 0-0 8. 0-0 Nd4 9. Ne2 d5 10. c3 Nxe2+ 11. Qxe2 Qb6 12. Kh1 Bd7 13. g4 dxe4 14. dxe4 Rfe8 15. Qf2 f5 16. gxf5 exf5 17. e5 Bc6 18. Be3 Bxg2+ 19. Qxg2 Qc7 20. Ng5 Qd7 21. Rad1 Qc6 22. Rd6 Qxg2+ 23. Kxg2 h6 24. Ne6 Nd5 25. Kf3 Nxe3 26. Kxe3 Re7 27. h4 Rae8 28. Nd8 g5 29. hxg5 hxg5 30. e6 g4 31. Kd3 Bf6 32. Kc4 Rh7 33. Nf7 Rh2 0-1